| 000 | 01148aam a2200325 i 4500 | ||
|---|---|---|---|
| 999 |
_c46333 _d46333 |
||
| 001 | 768714001 | ||
| 003 | CO-MdFUSB | ||
| 005 | 20201105134520.0 | ||
| 007 | ta | ||
| 008 | 200523t1918 enka|||| |||| 00| 0 eng d | ||
| 020 | _a[No incluye ISBN] | ||
| 040 |
_bspa. _aCO-MdFUSB _cCO-MdFUSB _dCO-MdFUSBC _erda |
||
| 041 | _aeng | ||
| 082 |
_223 _a935.4 _bK536 |
||
| 100 | 1 |
_aKing, Leonard W. _eautor |
|
| 245 | 1 | 0 |
_aLegends of Babylon and Egypt in relation to Hebrew tradition _c/ Leonard W. King |
| 264 | 1 |
_aLondres : _bOxford University Press, _c[1918] |
|
| 264 | 4 | _c© 1918 | |
| 300 |
_a155 páginas _c; 23 cm |
||
| 336 |
_atexto _btxt _2rdacontent |
||
| 337 |
_2rdamedia _asin mediación _bn |
||
| 338 |
_2rdacarrier _avolumen _bnc |
||
| 505 | _aEgipto, Babilonia y Palestina, y algunos orígenes tradicionales de la civilización - Historias de diluvio y la nueva versión sumeria - Creación y el mito del dragón; y el problema de las paralelas de Babilonia en la tradición hebrea | ||
| 563 | _aPasta dura | ||
| 650 | 0 |
_9938 _aDioses |
|
| 653 | _aMitología egipcia. | ||
| 942 | _cBK | ||
| 945 | _aJTF-925 | ||